000 00978nam a2200313 i 4500
003 EG-GICUC
005 20260408164947.0
008 260408s1976 |||a|||fr|||| 00| 0 eng d
020 _a0136863116
040 _aEG-GiCUC
_beng
_cEG-GiCUC
_dEG-GiCUC
_erda
082 0 4 _221
_a343.81
_bWH . P
092 0 4 _221
099 _aLaw1 10 343.81 WH . P 1976
100 1 _aWhisenand, Paul M.
_eAuthor.
245 1 0 _aPolice Supervision :
_bTheory and Practice /
_cPaul M. Whisenand
250 _aSecond Edition
264 1 _a[Place of Publication Not Specified],
_bPrentice-hall,
_c1976.
300 _a468 pages :
_billustrations,
_c24 cm
336 _2rda content
_atext
337 _2rda media
_aComputer
338 _2rda carrier
_aOnline Resource
500 _aIndex
650 1 _aPolice Scientifique
_2qrmak
650 1 _aCriminal Law
_2qrmak
651 1 _2qrmak
856 4 0 _uhttps://fll.law.cu.edu.eg/fulltext/bks/B10-08919.pdf
905 _a54
942 _2ddc
_cBK
_e21
_n0
999 _c69763
_d69763